Prevod zvuku na dynamický obraz
Gespeichert in:
| 1. Verfasser: | |
|---|---|
| Weitere Verfasser: | |
| Format: | Manuskript Buch |
| Sprache: | Slowakisch |
| Veröffentlicht: |
2015
|
| Schlagworte: | |
| Online-Zugang: | http://is.stuba.sk/zp/portal_zp.pl?podrobnosti=111904 |
| Tags: |
Keine Tags, Fügen Sie das erste Tag hinzu!
|
MARC
| LEADER | 00000ntm a22000003a 4500 | ||
|---|---|---|---|
| 001 | stuzp50025 | ||
| 003 | SK-STU | ||
| 005 | 20160719153434.6 | ||
| 007 | ta | ||
| 008 | 150427s2015----xo-----f-mn---000-0-slo-d | ||
| 040 | |a STU |b slo | ||
| 041 | 0 | |a slo | |
| 100 | 1 | |a Štefanková, Zuzana |u 035000 |4 aut |U FEI Fakulta elektrotechniky a informatiky |T FEI Ústav informatiky a matematiky |X 5849 |U E050 |Y 816 |7 A000005849 | |
| 242 | 0 | 1 | |a Conversion of sound to dynamic picture |y eng |
| 245 | 1 | 0 | |a Prevod zvuku na dynamický obraz |
| 260 | |c 2015 | ||
| 300 | |a 52 s., príl. |b CD-ROM | ||
| 650 | 4 | |a digitálne spracovanie signálu |2 slo | |
| 650 | 4 | |a spektrogram |2 slo | |
| 650 | 4 | |a Android |2 slo | |
| 650 | 4 | |a nepočujúci |2 slo | |
| 650 | 4 | |a FFT |2 slo | |
| 650 | 4 | |a digital signal processing |2 eng | |
| 650 | 4 | |a FFT |2 eng | |
| 650 | 4 | |a spectrogram |2 eng | |
| 650 | 4 | |a Android |2 eng | |
| 650 | 4 | |a deaf people |2 eng | |
| 700 | 1 | |a Kazlov, Igor |4 ths |X 16036 |7 A000016036 | |
| 856 | 4 | |u http://is.stuba.sk/zp/portal_zp.pl?podrobnosti=111904 | |
| 996 | |b 284EP11161 |c E*DIPL- 11161 |l EE35 |s P |a 0 |w stuzp50025_0001 | ||
| SQL | |a stuzp50025 |b DDP |c SLO |d Prevod zvuku na dynamický obraz |e 5849 |f Štefanková, Zuzana |g 035000 |h 16036 |i Kazlov, Igor |j 20150617 |k 359 |l 03 |m http://is.stuba.sk/zp/portal_zp.pl?podrobnosti=111904 |n I-API |o 9.2.9. aplikovaná informatika | ||